| 000 | 01193 a2200229 4500 | ||
|---|---|---|---|
| 999 |
_c11267 _d11267 |
||
| 020 | _a9780495506324 | ||
| 050 |
_aBF201 _bSTE 2009 |
||
| 100 |
_aSternberg, Robert J. _eauthor |
||
| 245 |
_aCognitive psychology / _cRobert J. Sternberg |
||
| 250 | _aFifth edition | ||
| 264 |
_aAustralia : _bWadsworth, _c2009 |
||
| 300 |
_axxviii, 657pages; _billustrations |
||
| 336 |
_2rdacontent _atext _btxt |
||
| 337 |
_2rdamedia _aunmediated _bn |
||
| 338 |
_2rdacareer _avolume _bnc |
||
| 500 | _aIncludes index | ||
| 505 | _aIntroduction to Cognitive Psychology. 2. Cognitive Neuroscience. 3. Perception. 4. Attention and Consciousness. 5. Memory: Models and Research Methods. 6. Memory Processes. 7. Representation and Manipulation of Knowledge in Memory: Images and Propositions. 8. Representation and Organization of Knowledge in Memory: Concepts, Categories, Networks, and Schemas. 9. Language: Nature and Acquisition. 10. Language in Context. 11. Problem Solving and Creativity. 12. Decision Making and Reasoning. 13. Human and Artificial. | ||
| 520 | _aLanguage in Context | ||
| 650 | _aCognitive psychology | ||
| 700 |
_aMio, Jeff _eco-author |
||
| 942 |
_2lcc _cBK _eFifth edition _h201 _iSTE _kBF |
||